The musical journeys /

Bibliographic Details
Main Author: Spohr, Louis, 1784-1859
Other Authors: Pleasants, Henry
Format: Book
Language:English
Published: Norman : University of Oklahoma Press, [1961]
Edition:[1st ed.].
Subjects:

MARC

Tag First Indicator Second Indicator Subfields
LEADER 00000cam a2200000I 4500
001 in00000028271
005 20151007061356.0
008 730419s1961 okuabcf 001 0aeng
010 |a  61009003  
015 |a GB61-9180 
019 |a 607093  |a 21938250 
029 1 |a AU@  |b 000027078499 
029 1 |a NZ1  |b 7018816 
029 1 |a AU@  |b 000002940450 
029 1 |a UKLBB  |b gb6109180 
029 1 |a W4S  |b B6109180 
029 1 |a UKMAN  |b B6109180 
035 |a (OCoLC)ocm07340321 
035 |9 AAD1911AM 
035 |a (OCoLC)7340321  |z (OCoLC)607093  |z (OCoLC)21938250 
040 |a DLC  |c CSO  |d OCL  |d WSU  |d OCL  |d CPL  |d OCLCQ  |d OCLCG  |d STF  |d PAU  |d UKM  |d AKU  |d LGG  |d OCLCQ  |d UtOrBLW 
041 1 |a eng  |h ger 
043 |a e------  |a e-gx--- 
049 |a TXAM 
050 0 4 |a ML410.S7  |b A322 
082 0 |a 780.94 
100 1 |a Spohr, Louis,  |d 1784-1859. 
240 1 0 |a Selbstbiographie.  |k Selections.  |l English 
245 1 4 |a The musical journeys /  |c Translated and edited by Henry Pleasants. 
250 |a [1st ed.]. 
264 1 |a Norman :  |b University of Oklahoma Press,  |c [1961] 
300 |a xvii, 262 pages :  |b 8 plates, illustrations, maps, portraits ;  |c 21 cm. 
336 |a text  |b txt  |2 rdacontent 
337 |a unmediated  |b n  |2 rdamedia 
338 |a volume  |b nc  |2 rdacarrier 
600 1 0 |a Spohr, Louis,  |d 1784-1859  |x Travel  |z Europe. 
650 0 |a Composers  |z Germany  |v Biography. 
650 0 |a Music  |z Europe  |x History and criticism. 
651 0 |a Europe  |x Description and travel. 
650 0 |a Music  |z Europe  |y 19th century  |x History and criticism. 
700 1 |a Pleasants, Henry. 
776 0 8 |i Online version:  |a Spohr, Louis, 1784-1859.  |s Selbstbiographie. English. Selections.  |t Musical journeys.  |b [1st ed.]  |d Norman, University of Oklahoma Press [1961]  |w (OCoLC)592504256 
776 0 8 |i Online version:  |a Spohr, Louis, 1784-1859.  |s Selbstbiographie. English. Selections.  |t Musical journeys.  |b [1st ed.]  |d Norman, University of Oklahoma Press [1961]  |w (OCoLC)609320844 
949 |a updated  |b h  |c 2012/5/30  |e fpiscitelli  |f 4:13:53 pm 
994 |a C0  |b TXA 
999 |a MARS 
999 f f |s ed2faebe-31b2-3ef4-ad46-810e3a3f9cc7  |i 941ce0e0-f0e5-3ad0-b574-2ceaa6345ddc  |t 0 
952 f f |p ric  |a Texas A&M University  |b Rellis Campus  |c Joint Library Facility  |d Remote Storage  |t 0  |e ML410.S7 A322  |h Library of Congress classification  |i unmediated -- volume  |m A14801168612 
998 f f |a ML410.S7 A322  |t 0  |l Remote Storage